000 00362pam a2200157a 44500
008 230405s1995 xxu||||| |||| 00| 0 eng d
041 _aENG
100 _aEDWIN B FLIPPO
245 _aPERSONAL MANAGEMENT
250 _a1995 Ed.
260 _aNULL
_bMC GRAWHILLINE
_c1995
300 _a607
650 _aPERSONAL MANAGEMENT
690 _aMBA
906 _a1001
999 _c281812
_d281812